Stadt Zürich Quartiere - Statistics

General Stats
  • This quiz has been taken 165 times
  • The average score is 13 of 34
Answer Stats
Hint Answer % Correct
Kreis 11 Oerlikon
80%
Kreis 9 Altstetten
73%
Kreis 2 Wollishofen
63%
Kreis 2 Enge
62%
Kreis 11 Seebach
61%
Kreis 11 Affoltern
58%
Kreis 10 Höngg
58%
Kreis 6 Unterstrass
57%
Kreis 6 Oberstrass
54%
Kreis 10 Wipkingen
53%
Kreis 4 Hard
49%
Kreis 8 Seefeld
47%
Kreis 9 Albisrieden
43%
Kreis 2 Leimbach
43%
Kreis 3 Alt-Wiedikon
42%
Kreis 7 Hottingen
42%
Kreis 4 Langstrasse
40%
Kreis 7 Witikon
40%
Kreis 3 Friesenberg
39%
Kreis 1 City
32%
Kreis 7 Fluntern
30%
Kreis 1 Lindenhof
28%
Kreis 3 Sihlfeld
28%
Kreis 1 Hochschulen
26%
Kreis 5 Escher Wyss
24%
Kreis 7 Hirslanden
23%
Kreis 12 Hirzenbach
22%
Kreis 12 Schwammendingen-Mitte
17%
Kreis 4 Werd
17%
Kreis 12 Saatlen
15%
Kreis 8 Weinegg
14%
Kreis 5 Gewerbeschule
13%
Kreis 1 Rathaus
13%
Kreis 8 Mühlebach
11%
No matching quizzes found
Score Distribution
Percent of People with Each Score
Percentile by Number Answered
Your Score History
You have not taken this quiz